| 000 | 00645nam a22001337a 4500 | ||
|---|---|---|---|
| 040 | _cRUA | ||
| 082 | _aAVM CHU 2013 B111 Or.1 | ||
| 100 | _aCHUM, PHEAP. | ||
| 245 | _aSurvey on swine erysipelas and classical swine fever in angkor borey district takeo province, ការអង្កេតអំពីជំងឺកញ្រ្ជិល និងប៉េស្តជ្រូក នៅស្រុកអង្គរបុរី ខេត្តតាកែវ | ||
| 260 |
_aPhnom Penh _bRUA _c2013 |
||
| 300 |
_aix; 38p. _bill. _c29cm. |
||
| 856 | _uhttps://drive.google.com/file/d/1Odi3R_QLRW5del-kY2dp1-zX_lwJ1ctz/view?usp=sharing | ||
| 942 | _cAVM | ||
| 999 |
_c2791 _d2791 |
||